Ingeniería industrial métodos estándares y diseño del trabajo

Bibliographic Details
Main Authors: Niebel, Benjamin W., Freivalds, Andris
Format: Section = Libro
Language:Undetermined
Spanish
Published: México Alfaomega 1980
Edition:2a.ed
Subjects:
LEADER 00752nam a2200265Ia 4500
008 240830s9999 xx 000 0 und d
020 |a 968-6062-45-9 
040 |a CEDOC FIQ-RUSB / 670.42 N665 
041 |a spa 
082 |a 670.42 N665 
100 1 |a Niebel, Benjamin W. 
100 1 |b  Freivalds, Andris 
245 1 0 |a Ingeniería industrial métodos estándares y diseño del trabajo 
250 |a 2a.ed 
260 |a México  |b Alfaomega  |c 1980 
300 |a 680 p. :il 
650 7 |a INGENIERIA DE LAS OPERACINES FABRILES (INDUSTRIAL) 
650 7 |b  METODOS ESTANDARES 
650 7 |c  ERGONOMIA 
650 7 |d  ESTUDIO DE TIEMPO 
650 7 |e  INGENIERIA DE METODOS 
650 7 |f  CAPACITACION 
942 |c BK  |2 ddc 
991 |a TEXTO 
999 |c 13471